[Event "Championnat de France - Open B"]
[Site "Belfort - SNPHHUATVS"]
[Date "2010.08.12"]
[Round "3.9"]
[White "Loiseau, Jean"]
[Black "Goettelmann, Guillaume"]
[Result "1/2-1/2"]
[WhiteElo "1873"]
[BlackElo "1901"]
[PlyCount "105"]

1. e4 e6 2. d4 d5 3. Nd2 Nf6 4. e5 Nfd7 5. Bd3 c5 6. c3 Nc6 7. Ne2 cxd4 8. cxd4
f6 9. exf6 Nxf6 10. Nf3 Bd6 11. O-O O-O 12. Bf4 Bxf4 13. Nxf4 Ne4 14. Ne2 Rxf3
15. gxf3 Ng5 16. Kg2 e5 17. Rg1 Qf8 18. f4 e4 19. Bb5 Nh3 20. Qb3 Qf7 21. Bxc6
bxc6 22. Rgc1 Bg4 23. Rxc6 Qh5 24. Rc3 Bxe2 25. Rxh3 Bf3+ 26. Rxf3 exf3+ 27.
Qxf3 Qg6+ 28. Kf1 Rd8 29. Re1 Kf7 30. f5 Qa6+ 31. Kg2 Qf6 32. Qe3 g6 33. Qe6+
Qxe6 34. fxe6+ Ke7 35. Kg3 Rb8 36. b3 Rb4 37. Rd1 Kxe6 38. Kf4 Kf6 39. Rd3 g5+
40. Kg4 Kg6 41. Kf3 Kf5 42. a3 Rb5 43. h3 h5 44. b4 a5 45. Re3 axb4 46. axb4
Rxb4 47. Re5+ Kf6 48. Rxd5 Rb3+ 49. Kg2 Rd3 50. h4 gxh4 51. Rxh5 Rxd4 52. Kh3
Rf4 53. Rxh4 1/2-1/2

[Event "Championnat de France - Open B"]
[Site "Belfort - SNPHHUATVS"]
[Date "2010.08.12"]
[Round "3.10"]
[White "Hadamard, Olivier"]
[Black "Humeau, Mickael"]
[Result "0-1"]
[WhiteElo "1809"]
[BlackElo "1984"]
[PlyCount "166"]
[EventDate "2010.??.??"]

1. d4 c5 2. d5 e5 3. e4 d6 4. Nc3 Be7 5. Nf3 Nf6 6. Bb5+ Nbd7 7. a4 O-O 8. O-O
a6 9. Bd3 Re8 10. Nd2 Nf8 11. Nc4 Ng6 12. a5 Nd7 13. Ne3 Bg5 14. g3 Nf6 15. Be2
Bh3 16. Re1 Qd7 17. Nc4 Bxc1 18. Nb6 Qe7 19. Qxc1 Rad8 20. Bf1 Bxf1 21. Rxf1
Nd7 22. Nc4 Rf8 23. Ne3 Qf6 24. Qd1 Ne7 25. f3 Qh6 26. Qe2 Rde8 27. Rf2 g6 28.
Raf1 f5 29. Nc4 Nc8 30. b3 Qg7 31. Nd2 Kh8 32. h3 Nf6 33. Kh2 Nh5 34. Rg2 f4
35. Rfg1 Nxg3 36. Rxg3 fxg3+ 37. Rxg3 Rf4 38. Nc4 Ref8 39. Qe3 Qf7 40. Kg2 Qd7
41. Ne2 Na7 42. Nxf4 exf4 43. Qc3+ Kg8 44. Rg4 Nb5 45. Qd2 Qf7 46. h4 Qf6 47.
Kh3 Kg7 48. c3 Rf7 49. Rg5 Qxc3 50. Qxc3+ Nxc3 51. Nxd6 Rd7 52. Nc4 h6 53. Re5
Nb5 54. d6 Kf6 55. Rxc5 Nd4 56. Rc7 Ke6 57. Kg4 Rxc7 58. dxc7 Kd7 59. Kxf4 Kxc7
60. Nd2 Kd6 61. Ke3 Nc6 62. Nc4+ Kc5 63. e5 Kb4 64. Ke4 Kxb3 65. Kd5 Kb4 66.
Nd6 Kxa5 67. Nxb7+ Kb6 68. Nc5 a5 69. e6 Ne7+ 70. Kc4 Kc6 71. Nd3 Kd6 72. Nf4
Ke5 73. Nd3+ Kxe6 74. Nf2 h5 75. Nd3 Nf5 76. Nf4+ Kf6 77. Ng2 Ke5 78. Kd3 a4
79. Kc3 a3 80. f4+ Ke4 81. Kb3 Kf3 82. Ne1+ Kxf4 83. Kxa3 Nxh4 0-1

[Event "Championnat de France - Open B"]
[Site "Belfort - SNPHHUATVS"]
[Date "2010.08.13"]
[Round "4.1"]
[White "Graton, Tanguy"]
[Black "Plantet, Marc"]
[Result "0-1"]
[WhiteElo "1887"]
[BlackElo "1938"]
[PlyCount "112"]

1. e4 c6 2. d4 d5 3. Nc3 dxe4 4. Nxe4 Bf5 5. Ng3 Bg6 6. h4 h6 7. Nf3 Nd7 8. h5
Bh7 9. Bd3 Bxd3 10. Qxd3 e6 11. Bd2 Qc7 12. Ne4 Ngf6 13. g3 O-O-O 14. O-O-O
Nxe4 15. Qxe4 Nf6 16. Qe2 Bd6 17. c4 c5 18. Bc3 cxd4 19. Rxd4 Qc6 20. Rhd1 Rd7
21. Ne5 Bxe5 22. Qxe5 Rhd8 23. Rxd7 Rxd7 24. Rxd7 Nxd7 25. Qe2 f6 26. b3 Nc5
27. f3 Qd6 28. g4 Qf4+ 29. Kc2 e5 30. Qf2 Ne6 31. Qxa7 Qxf3 32. Qa8+ Kd7 33.
Qa4+ Kc8 34. Qe8+ Nd8 35. Qg6 Ne6 36. Qe8+ Nd8 37. Ba5 Qf2+ 38. Bd2 Qd4 39. Qg6
Qd7 40. Qe4 Nc6 41. Bc3 Qd6 42. Qd3 Qe6 43. Qg6 Qe7 44. Qh7 e4 45. Qf5+ Kb8 46.
Kd1 Qd6+ 47. Qd5 Qg3 48. Qg8+ Ka7 49. Kc2 Qxg4 50. Qe8 Qe2+ 51. Kc1 Qd3 52. Kb2
e3 53. Qf8 e2 54. Qa3+ Kb8 55. Qf8+ Nd8 56. Qxg7 Qxc3+ 0-1

[Event "Championnat de France - Open B"]
[Site "Belfort - SNPHHUATVS"]
[Date "2010.08.13"]
[Round "4.2"]
[White "Messinger, Karl"]
[Black "Hourlier, Claire"]
[Result "1-0"]
[WhiteElo "1870"]
[BlackElo "1904"]
[PlyCount "73"]

1. e4 c5 2. Nf3 Nc6 3. Bb5 g6 4. O-O Bg7 5. c3 Nf6 6. Re1 O-O 7. h3 d6 8. d4
cxd4 9. cxd4 Bd7 10. Nc3 a6 11. Ba4 b5 12. Bc2 Rc8 13. Ne2 Qc7 14. Bb1 Na5 15.
Ng3 Bc6 16. b3 Ba8 17. Be3 Nc6 18. Qd2 Qa5 19. Qb2 Nd7 20. a3 Nce5 21. Nd2 Nc6
22. b4 Qb6 23. Nf3 Qb7 24. Qd2 Nb6 25. Ba2 Nc4 26. Bxc4 bxc4 27. Bh6 a5 28.
Bxg7 Kxg7 29. Qg5 Kh8 30. bxa5 Qa7 31. d5 Nxa5 32. e5 dxe5 33. Nxe5 Rc7 34. Qh6
Rcc8 35. Re4 f6 36. Nxg6+ Kg8 37. Rxe7 1-0

[Event "Championnat de France - Open B"]
[Site "Belfort - SNPHHUATVS"]
[Date "2010.08.13"]
[Round "4.3"]
[White "Pouchon, Mickael"]
[Black "Turmel, Fabien"]
[Result "0-1"]
[WhiteElo "1889"]
[BlackElo "1885"]
[PlyCount "74"]

1. e4 c5 2. Nf3 Nc6 3. d4 cxd4 4. Nxd4 Nf6 5. Nc3 e5 6. Ndb5 d6 7. Nd5 Nxd5 8.
exd5 Nb8 9. c4 a6 10. Nc3 Be7 11. Be3 O-O 12. Qd2 f5 13. f3 Nd7 14. Bd3 b6 15.
O-O g5 16. g4 e4 17. fxe4 f4 18. Bd4 Bf6 19. Bxf6 Qxf6 20. Be2 Ne5 21. Bf3 h5
22. gxh5 g4 23. Bg2 Nxc4 24. Qf2 Ra7 25. Ne2 Raf7 26. Qd4 Ne5 27. Rxf4 Nf3+ 28.
Rxf3 gxf3 29. Bxf3 Qxf3 30. Ng3 Rg7 31. h6 Rxg3+ 32. hxg3 Qxg3+ 33. Kh1 Qh4+
34. Kg1 Qg5+ 35. Kh2 Qxh6+ 36. Kg2 Qh3+ 37. Kg1 Qg3+ 0-1

[Event "Championnat de France - Open B"]
[Site "Belfort - SNPHHUATVS"]
[Date "2010.08.13"]
[Round "4.4"]
[White "Dugardin, Patrick"]
[Black "Devallee, Jeremie"]
[Result "1/2-1/2"]
[WhiteElo "1892"]
[BlackElo "1990"]
[PlyCount "86"]

1. e4 c5 2. Nf3 Nc6 3. Bb5 e6 4. O-O Nge7 5. Re1 a6 6. Bxc6 Nxc6 7. d4 cxd4 8.
Nxd4 e5 9. Nb3 Bb4 10. c3 Be7 11. Qd3 O-O 12. f4 d6 13. Na3 b5 14. Nc2 Kh8 15.
Ne3 exf4 16. Nd5 Ne5 17. Qf1 Bh4 18. Rd1 Bg4 19. Bxf4 Bxd1 20. Rxd1 Nc4 21. Qe2
Bg5 22. Nd4 Bxf4 23. Nxf4 Rc8 24. Nd5 Nb6 25. Nf5 Nxd5 26. Rxd5 Qb6+ 27. Qf2
Qxf2+ 28. Kxf2 g6 29. Nxd6 Rc7 30. Ke3 f6 31. Kd4 Rb8 32. Rc5 Ra7 33. b4 Kg7
34. Kd5 Re7 35. Rc6 Ra8 36. c4 Re5+ 37. Kd4 bxc4 38. Kxc4 Ra7 39. a4 h5 40. b5
axb5+ 41. axb5 Ra2 42. b6 Re6 43. Kc5 Re5+ 1/2-1/2

[Event "Championnat de France - Open B"]
[Site "Belfort - SNPHHUATVS"]
[Date "2010.08.13"]
[Round "4.5"]
[White "Aumont, Alexandre"]
[Black "Elice, Florent"]
[Result "1-0"]
[WhiteElo "1898"]
[BlackElo "1990"]
[PlyCount "97"]

1. f4 g6 2. Nf3 Bg7 3. g3 d6 4. Bg2 Nf6 5. e3 O-O 6. O-O Nc6 7. e4 e5 8. fxe5
Nxe5 9. Nc3 Bg4 10. d4 Nxf3+ 11. Bxf3 Bxf3 12. Qxf3 h6 13. Bd2 Nd7 14. Qd3 c5
15. dxc5 dxc5 16. Rad1 Ne5 17. Qb5 Qb6 18. Qa4 Qe6 19. Nd5 Qg4 20. Bxh6 Qe2 21.
Bxg7 Kxg7 22. Qb3 Ng4 23. Qc3+ f6 24. Qd2 Qxe4 25. Rf4 Qe5 26. Rxg4 Rad8 27. c4
Rfe8 28. Rf4 b5 29. Qc3 bxc4 30. Qxc4 Qxb2 31. Rf2 Qe5 32. Qxc5 Rd7 33. Qd4
Red8 34. Qxe5 fxe5 35. Rfd2 Kh6 36. Kf2 Kg5 37. Ke3 Rb8 38. h4+ Kh6 39. Nf6 Rf7
40. Ng4+ Kh5 41. Nxe5 Re7 42. Rd5 Rb4 43. Kf3 Kh6 44. Ng4+ Kg7 45. Rd7 Rb7 46.
Rxb7 Rxb7 47. Rd4 Rf7+ 48. Ke4 Re7+ 49. Ne5 1-0

[Event "Championnat de France - Open B"]
[Site "Belfort - SNPHHUATVS"]
[Date "2010.08.13"]
[Round "4.6"]
[White "Milutinovic, Slobodan"]
[Black "Thomas, Vincent"]
[Result "1-0"]
[WhiteElo "1850"]
[BlackElo "1987"]
[PlyCount "77"]

1. e4 e6 2. d4 d5 3. e5 c5 4. c3 Nc6 5. a3 Qb6 6. Nf3 Nh6 7. b4 cxd4 8. cxd4
Nf5 9. Bb2 Bd7 10. g4 Nh6 11. h3 f6 12. exf6 gxf6 13. g5 fxg5 14. Nxg5 O-O-O
15. b5 Na5 16. Nc3 Nc4 17. Bxc4 dxc4 18. a4 e5 19. Nd5 Qg6 20. Qc1 Qd3 21. b6
Bg4 22. hxg4 Rxd5 23. Rh3 Bb4+ 24. Bc3 Bxc3+ 25. Qxc3 Qxd4 26. Qxd4 exd4 27.
bxa7 Kd7 28. Rxh6 Re8+ 29. Re6 Ra8 30. Re4 Rxg5 31. Rxd4+ Ke6 32. Rxc4 Rxa7 33.
Rb1 h5 34. Rbb4 h4 35. Kf1 Re5 36. Kg2 Rxa4 37. Rxa4 b5 38. Ra6+ Kd5 39. Rf4
1-0

[Event "Championnat de France - Open B"]
[Site "Belfort - SNPHHUATVS"]
[Date "2010.08.13"]
[Round "4.7"]
[White "Humeau, Mickael"]
[Black "Loiseau, Jean"]
[Result "1/2-1/2"]
[WhiteElo "1984"]
[BlackElo "1873"]
[PlyCount "90"]

1. e4 e5 2. Nf3 Nc6 3. Bc4 Nf6 4. Ng5 d5 5. exd5 Na5 6. Bb5+ c6 7. dxc6 bxc6 8.
Be2 h6 9. Nh3 Bd6 10. d3 O-O 11. Nc3 Rb8 12. O-O Nd5 13. Ne4 Bc7 14. c4 Ne7 15.
Kh1 Bxh3 16. gxh3 Qc8 17. Rg1 Kh8 18. b4 Nb7 19. Be3 f5 20. Nc3 a6 21. Na4 Nd6
22. Bc5 Qe6 23. Qc2 Ng6 24. Be3 Nb7 25. Bh5 Nh4 26. Nc5 Nxc5 27. Bxc5 Rfd8 28.
Rae1 g6 29. Bd1 g5 30. Qe2 Ng6 31. Be3 f4 32. Qh5 Kg7 33. Bc5 Rxd3 34. h4 Bd8
35. hxg5 hxg5 36. Bc2 Rh3 37. Qxg6+ Qxg6 38. Bxg6 Kxg6 39. Rxe5 Bf6 40. Re6
Rbh8 41. Rxf6+ Kg7 42. Rg2 Kxf6 43. Bd4+ Kf5 44. Bxh8 Rxh8 45. f3 Rd8 1/2-1/2

[Event "Championnat de France - Open B"]
[Site "Belfort - SNPHHUATVS"]
[Date "2010.08.13"]
[Round "4.8"]
[White "Scalia, Jerome"]
[Black "Maruejols, Claude"]
[Result "1/2-1/2"]
[WhiteElo "1826"]
[BlackElo "1974"]
[PlyCount "83"]

1. d4 Nf6 2. Nf3 g6 3. g3 Bg7 4. Bg2 d5 5. b3 c5 6. Bb2 Nc6 7. O-O Ne4 8. c3
Qa5 9. a3 O-O 10. b4 cxb4 11. cxb4 Qb6 12. Nbd2 Nd6 13. Qb3 e6 14. e3 Bd7 15.
Rfc1 Rfc8 16. Bf1 a6 17. Ne1 Ne7 18. a4 Rxc1 19. Rxc1 Rc8 20. Rxc8+ Bxc8 21.
Nd3 Qa7 22. Nc5 h5 23. b5 axb5 24. axb5 b6 25. Na6 Qd7 26. Ba3 Bf8 27. Nb8 Qc7
28. Na6 Qd8 29. Qc2 Nef5 30. Qb3 Bd7 31. Nb1 Qc8 32. Qc3 Ne4 33. Qxc8 Bxc8 34.
Bxf8 Kxf8 35. Bd3 Nfd6 36. f3 Nf6 37. Nc3 Bd7 38. Kf2 Nfe8 39. Ke2 Ke7 40. Nb8
Nc7 41. Nxd7 Kxd7 42. e4 1/2-1/2

[Event "Championnat de France - Open B"]
[Site "Belfort - SNPHHUATVS"]
[Date "2010.08.13"]
[Round "4.9"]
[White "Jacquot, Laurent"]
[Black "Younes, Jean-Francois"]
[Result "1/2-1/2"]
[WhiteElo "1941"]
[BlackElo "1853"]
[PlyCount "61"]

1. d4 f5 2. Bg5 h6 3. Bh4 g6 4. e4 d6 5. Nc3 Bg7 6. exf5 Bxf5 7. g4 Be6 8. Qd3
Bf7 9. O-O-O Nc6 10. d5 Ne5 11. Qe2 Qd7 12. h3 g5 13. Bg3 O-O-O 14. Qe3 c5 15.
Nb5 Kb8 16. Nf3 Nxf3 17. Qxf3 Nf6 18. Qe3 Bxd5 19. Rxd5 Nxd5 20. Qxc5 Nb6 21.
Bg2 Bxb2+ 22. Kb1 Bf6 23. Nxa7 Kxa7 24. Qa5+ Kb8 25. Qxb6 Qc7 26. Qb3 Qd7 27.
Rd1 Rc8 28. c4 Rc5 29. Bd5 Rhc8 30. f3 R8c7 31. Bf2 1/2-1/2

[Event "Championnat de France - Open B"]
[Site "Belfort - SNPHHUATVS"]
[Date "2010.08.13"]
[Round "4.10"]
[White "Goettelmann, Guillaume"]
[Black "Piraud, Emmanuel"]
[Result "1-0"]
[WhiteElo "1901"]
[BlackElo "1835"]
[PlyCount "65"]

1. d4 e6 2. c4 d5 3. Nf3 Nf6 4. g3 Be7 5. Bg2 O-O 6. O-O b6 7. Ne5 Bb7 8. Nc3
Nbd7 9. Qa4 Nxe5 10. dxe5 Nd7 11. cxd5 exd5 12. Nxd5 Nc5 13. Qd1 c6 14. Nxe7+
Qxe7 15. Qd6 Rfe8 16. Qxe7 Rxe7 17. f4 Rc8 18. Be3 Na4 19. Rab1 Ba6 20. Rfc1
Bxe2 21. b3 Bd3 22. Ra1 Nc5 23. Bxc5 bxc5 24. Rxc5 f6 25. Rd1 Ba6 26. Bh3 Rcc7
27. e6 g6 28. f5 g5 29. Rd6 h5 30. Rcxc6 Rxc6 31. Rxc6 Bb7 32. Rd6 Rc7 33. Rd8+
1-0

[Event "Championnat de France - Open B"]
[Site "Belfort - SNPHHUATVS"]
[Date "2010.08.14"]
[Round "5.1"]
[White "Plantet, Marc"]
[Black "Messinger, Karl"]
[Result "1/2-1/2"]
[WhiteElo "1938"]
[BlackElo "1870"]
[PlyCount "51"]

1. e4 c5 2. Nf3 Nc6 3. d4 cxd4 4. Nxd4 g6 5. Be2 Bg7 6. Be3 Nf6 7. Nc3 O-O 8.
O-O d6 9. h3 Bd7 10. Qd2 Rc8 11. Rad1 a6 12. f4 b5 13. a3 Qc7 14. Bf3 Na5 15.
Qf2 Nc4 16. Bc1 Nxa3 17. e5 dxe5 18. fxe5 Qxe5 19. Bb7 Rc4 20. Bxa6 Ra8 21. Bb7
Ra7 22. Nf3 Qb8 23. Rxd7 Nxd7 24. Bd5 Nf6 25. Bxc4 Nxc4 26. Nxb5 1/2-1/2

[Event "Championnat de France - Open B"]
[Site "Belfort - SNPHHUATVS"]
[Date "2010.08.14"]
[Round "5.2"]
[White "Turmel, Fabien"]
[Black "Goettelmann, Guillaume"]
[Result "1-0"]
[WhiteElo "1885"]
[BlackElo "1901"]
[PlyCount "47"]

1. d4 Nf6 2. c4 g6 3. Nc3 Bg7 4. e4 d6 5. f4 O-O 6. Nf3 c5 7. d5 e6 8. Be2 exd5
9. cxd5 Re8 10. e5 dxe5 11. fxe5 Ng4 12. Bg5 Qa5 13. O-O Nxe5 14. d6 Nxf3+ 15.
Bxf3 Bxc3 16. bxc3 Nd7 17. Bd5 Ne5 18. Rxf7 Nxf7 19. Bxf7+ Kxf7 20. d7 Qxc3 21.
dxe8=Q+ Kxe8 22. Qd8+ Kf7 23. Rf1+ Ke6 24. Rd1 1-0

[Event "Championnat de France - Open B"]
[Site "Belfort - SNPHHUATVS"]
[Date "2010.08.14"]
[Round "5.3"]
[White "Aumont, Alexandre"]
[Black "Milutinovic, Slobodan"]
[Result "1-0"]
[WhiteElo "1898"]
[BlackElo "1850"]
[PlyCount "91"]

1. f4 d5 2. Nf3 Nc6 3. e3 Nf6 4. Bb5 Qd6 5. b3 Ne4 6. O-O Bd7 7. d3 Qf6 8. Ne5
Nd6 9. Bxc6 bxc6 10. Bb2 Qh6 11. Nc3 O-O-O 12. Qe2 f6 13. Nxd7 Rxd7 14. Na4 Nb7
15. Bd4 e5 16. fxe5 fxe5 17. Bxe5 Bd6 18. Bxd6 cxd6 19. Rf3 Re7 20. Re1 g5 21.
Qf2 Qg7 22. c4 d4 23. e4 Rhe8 24. Rf6 c5 25. Rf1 h5 26. Qf5+ Kc7 27. Rg6 Qe5
28. Rxg5 Qxf5 29. Rfxf5 h4 30. Rh5 Nd8 31. Nb2 Rxe4 32. dxe4 Rxe4 33. Kf2 Nc6
34. Nd3 Nb4 35. Nxb4 cxb4 36. Rd5 Rf4+ 37. Ke2 Kc6 38. Rh6 Re4+ 39. Kd3 Re3+
40. Kd2 Re4 41. Rhxd6+ Kc7 42. Rxd4 Rxd4+ 43. Rxd4 h3 44. g4 a5 45. g5 a4 46.
g6 1-0

[Event "Championnat de France - Open B"]
[Site "Belfort - SNPHHUATVS"]
[Date "2010.08.14"]
[Round "5.4"]
[White "Devallee, Jeremie"]
[Black "Pouchon, Mickael"]
[Result "0-1"]
[WhiteElo "1990"]
[BlackElo "1889"]
[PlyCount "62"]

1. e4 e5 2. f4 exf4 3. Nf3 g5 4. Bc4 Bg7 5. h4 h6 6. d4 d6 7. c3 Qe7 8. O-O c6
9. hxg5 hxg5 10. Nxg5 Qxg5 11. Bxf4 Qg6 12. Nd2 Bh3 13. Rf2 Nd7 14. Bd3 Ne7 15.
Nc4 Bg4 16. Qc2 d5 17. Nd6+ Kf8 18. e5 Qh5 19. Rff1 f6 20. exf6 Nxf6 21. Rae1
Bd1 22. Qxd1 Ng4 23. Qxg4 Qxg4 24. Bg5+ Kg8 25. Bxe7 Bxd4+ 26. cxd4 Qxd4+ 27.
Rf2 Qxd3 28. Rf3 Qd4+ 29. Ree3 Rh6 30. Nf5 Qd1+ 31. Rf1 Rh1+ 0-1

[Event "Championnat de France - Open B"]
[Site "Belfort - SNPHHUATVS"]
[Date "2010.08.14"]
[Round "5.5"]
[White "Rouffignac, Tanguy"]
[Black "Humeau, Mickael"]
[Result "0-1"]
[WhiteElo "1891"]
[BlackElo "1984"]
[PlyCount "72"]

1. e4 c5 2. Nf3 Nc6 3. Nc3 Nf6 4. d4 cxd4 5. Nxd4 e5 6. Ndb5 d6 7. Bg5 a6 8.
Na3 b5 9. Nd5 Be7 10. Bxf6 Bxf6 11. c3 Bg5 12. Nc2 O-O 13. a4 bxa4 14. Rxa4 a5
15. Bc4 Rb8 16. b3 Kh8 17. Nce3 g6 18. h4 Bxh4 19. Ra2 Bg5 20. g3 Bxe3 21. Nxe3
f5 22. f4 exf4 23. Rah2 Rb7 24. gxf4 Rg7 25. Bd5 Qf6 26. Bxc6 Qxc3+ 27. Qd2
Qxc6 28. Qd4 Kg8 29. Nd5 Qc1+ 30. Ke2 Qc2+ 31. Kf1 Ba6+ 32. Kg1 Qc5 33. Qxc5
dxc5 34. e5 Bb7 35. Rd2 Bxd5 36. Rxd5 Rc7 0-1

[Event "Championnat de France - Open B"]
[Site "Belfort - SNPHHUATVS"]
[Date "2010.08.14"]
[Round "5.6"]
[White "Maruejols, Claude"]
[Black "Graton, Tanguy"]
[Result "1-0"]
[WhiteElo "1974"]
[BlackElo "1887"]
[PlyCount "71"]

1. d4 e6 2. c4 f5 3. g3 Nf6 4. Bg2 Bb4+ 5. Nd2 c5 6. Ngf3 Nc6 7. e3 Ne4 8. O-O
O-O 9. d5 exd5 10. cxd5 Bxd2 11. Nxd2 Nxd2 12. dxc6 Nxf1 13. cxb7 Bxb7 14. Bxb7
Rb8 15. Kxf1 Kh8 16. Bd5 Rf6 17. b3 Rh6 18. h4 Qf6 19. Rb1 f4 20. exf4 Qf5 21.
Bb2 Rd6 22. Be5 Rxd5 23. Qxd5 Qxb1+ 24. Kg2 Rg8 25. h5 h6 26. a4 Rf8 27. g4 a6
28. g5 hxg5 29. h6 Kh7 30. hxg7 Rg8 31. fxg5 Qf5 32. Kf1 Qxg5 33. f4 Qh5 34.
Qd3+ Qg6 35. f5 Qf7 36. Qh3+ 1-0

[Event "Championnat de France - Open B"]
[Site "Belfort - SNPHHUATVS"]
[Date "2010.08.14"]
[Round "5.7"]
[White "Loiseau, Jean"]
[Black "Guilbert, Jean-Louis"]
[Result "0-1"]
[WhiteElo "1873"]
[BlackElo "1957"]
[PlyCount "92"]

1. e4 c5 2. Nf3 d6 3. Nc3 Nf6 4. d4 cxd4 5. Nxd4 a6 6. Be2 e5 7. Nb3 Be6 8. O-O
Be7 9. Kh1 d5 10. exd5 Nxd5 11. Nxd5 Bxd5 12. Be3 O-O 13. Qe1 Qc7 14. c3 Nd7
15. f3 b5 16. Rd1 Be6 17. f4 f6 18. Nc1 Rad8 19. a3 Bc5 20. Bxc5 Nxc5 21. fxe5
Qxe5 22. Bf3 Qxe1 23. Rfxe1 Kf7 24. Kg1 Na4 25. b4 Nxc3 26. Rxd8 Rxd8 27. Re3
Na4 28. Nb3 Bc4 29. Bb7 Rd1+ 30. Kf2 Rf1+ 31. Kg3 f5 32. Kh4 f4 33. Rh3 f3 34.
Nd2 fxg2 35. Bxg2 Rf2 36. Nxc4 Rxg2 37. Ne3 Ra2 38. Nd5 Nb2 39. Rf3+ Ke6 40.
Nc7+ Ke7 41. Nxa6 Nc4 42. Nc7 Rxa3 43. Rf5 Nd6 44. Rd5 Ra4 45. Nxb5 Rxb4+ 46.
Nd4 Rxd4+ 0-1

[Event "Championnat de France - Open B"]
[Site "Belfort - SNPHHUATVS"]
[Date "2010.08.14"]
[Round "5.8"]
[White "Lorieux, Christian"]
[Black "Abdesselem, Ahmed"]
[Result "1-0"]
[WhiteElo "1954"]
[BlackElo "1883"]
[PlyCount "77"]

1. f4 d5 2. Nf3 Nf6 3. b3 g6 4. Bb2 Bg7 5. e3 O-O 6. Be2 c5 7. O-O Nc6 8. Qe1
Bf5 9. d3 b5 10. h3 Qb6 11. g4 Bd7 12. Kh1 Rac8 13. f5 gxf5 14. Nh4 fxg4 15.
Nf5 Bxf5 16. Rxf5 d4 17. hxg4 Nb4 18. Na3 Qe6 19. e4 Rc6 20. Bxd4 Nxd3 21. cxd3
cxd4 22. Nxb5 Rd8 23. Bf3 Rb6 24. Na3 Nd7 25. Nc4 Rc6 26. Qg3 Rc5 27. Rf1 Rxf5
28. exf5 Qh6+ 29. Kg2 Nb6 30. g5 Be5 31. Nxe5 Qd6 32. g6 hxg6 33. fxg6 fxg6 34.
Nxg6 Qxg3+ 35. Kxg3 Kf7 36. Bh5+ Kg7 37. Nxe7 Kh6 38. Kh4 Nd7 39. Rf7 1-0

[Event "Championnat de France - Open B"]
[Site "Belfort - SNPHHUATVS"]
[Date "2010.08.14"]
[Round "5.9"]
[White "Fuhrmann, Valentin"]
[Black "Jacquot, Laurent"]
[Result "1/2-1/2"]
[WhiteElo "1853"]
[BlackElo "1941"]
[PlyCount "50"]

1. d4 Nf6 2. c4 e5 3. dxe5 Ng4 4. Nf3 Nc6 5. Bg5 Be7 6. Bxe7 Qxe7 7. Nc3 Qc5 8.
e3 O-O 9. Nd5 Re8 10. Be2 Nb4 11. O-O Nxe5 12. Qb3 a5 13. Rfd1 d6 14. a3 Na6
15. Nd4 Qa7 16. Qa4 c6 17. Nf4 Nc5 18. Qc2 Qb8 19. Nf5 Bxf5 20. Qxf5 Qc7 21.
Nd3 Nb3 22. Rab1 Rad8 23. Nxe5 Rxe5 24. Qc2 a4 25. Bf3 Qe7 1/2-1/2

[Event "Championnat de France - Open B"]
[Site "Belfort - SNPHHUATVS"]
[Date "2010.08.14"]
[Round "5.10"]
[White "Richet, Vincent"]
[Black "Degardin, Sylvain"]
[Result "1-0"]
[WhiteElo "1933"]
[BlackElo "1883"]
[PlyCount "53"]

1. e4 c5 2. Nf3 Nc6 3. d4 cxd4 4. Nxd4 Nf6 5. Nc3 e5 6. Ndb5 d6 7. Bg5 a6 8.
Bxf6 gxf6 9. Na3 b5 10. Nd5 f5 11. g3 Bg7 12. exf5 Bxf5 13. Bg2 Rc8 14. Ne3 Be6
15. O-O b4 16. Nac4 Nd4 17. c3 O-O 18. cxd4 exd4 19. Be4 Bxc4 20. Nxc4 Rxc4 21.
Bxh7+ Kxh7 22. Qd3+ f5 23. Qxc4 f4 24. Rae1 Be5 25. Rc1 d5 26. Qxb4 Qd7 27.
Qxf8 1-0

[Event "Championnat de France - Open B"]
[Site "Belfort - SNPHHUATVS"]
[Date "2010.08.15"]
[Round "6.1"]
[White "Plantet, Marc"]
[Black "Turmel, Fabien"]
[Result "0-1"]
[WhiteElo "1938"]
[BlackElo "1885"]
[PlyCount "35"]

1. e4 c5 2. Nf3 Nc6 3. d4 cxd4 4. Nxd4 g6 5. Nc3 Bg7 6. Be3 Nf6 7. Bc4 O-O 8.
Qd2 Ng4 9. O-O-O Nxd4 10. Bxd4 Bh6 11. f4 e5 12. Qe2 exd4 13. Rxd4 Bxf4+ 14.
Kb1 Ne3 15. Bb3 d6 16. h4 Qb6 17. Rhd1 Bg4 18. Qf2 0-1

[Event "Championnat de France - Open B"]
[Site "Belfort - SNPHHUATVS"]
[Date "2010.08.15"]
[Round "6.2"]
[White "Messinger, Karl"]
[Black "Aumont, Alexandre"]
[Result "1-0"]
[WhiteElo "1870"]
[BlackElo "1898"]
[PlyCount "43"]

1. e4 d6 2. d4 g6 3. Nc3 Bg7 4. Be3 Nd7 5. Qd2 e5 6. Nge2 Ne7 7. O-O-O f5 8. f4
exf4 9. Nxf4 Nf6 10. exf5 Bxf5 11. h3 h5 12. d5 Qd7 13. Bd3 O-O 14. Bxf5 Nxf5
15. Nxg6 Rfe8 16. Bg5 Ng3 17. Rhe1 Qf7 18. Qd3 Nh7 19. Ne7+ Kh8 20. Qxg3 Nxg5
21. Qxg5 Kh7 22. Nf5 1-0

[Event "Championnat de France - Open B"]
[Site "Belfort - SNPHHUATVS"]
[Date "2010.08.15"]
[Round "6.3"]
[White "Humeau, Mickael"]
[Black "Richet, Vincent"]
[Result "0-1"]
[WhiteElo "1984"]
[BlackElo "1933"]
[PlyCount "20"]

1. e4 e5 2. Nf3 Nc6 3. Bc4 Nf6 4. Ng5 d5 5. exd5 b5 6. Bb3 Nd4 7. d6 Nxb3 8.
axb3 h6 9. Nf3 Bxd6 10. O-O e4 0-1

[Event "Championnat de France - Open B"]
[Site "Belfort - SNPHHUATVS"]
[Date "2010.08.15"]
[Round "6.4"]
[White "Pouchon, Mickael"]
[Black "Maruejols, Claude"]
[Result "1/2-1/2"]
[WhiteElo "1889"]
[BlackElo "1974"]
[PlyCount "99"]

1. e4 c5 2. Nf3 d6 3. d4 cxd4 4. Nxd4 Nf6 5. Nc3 a6 6. Bc4 e6 7. Bb3 b5 8. a3
Be7 9. Be3 O-O 10. O-O Qc7 11. f3 Nbd7 12. Qe1 Nc5 13. Ba2 Rb8 14. Rb1 Bd7 15.
g4 a5 16. Nce2 b4 17. axb4 axb4 18. Rc1 Rfc8 19. Bb1 Na4 20. c3 Nxb2 21. cxb4
Qb7 22. Bd2 Nc4 23. Bc3 d5 24. Qh4 dxe4 25. g5 Na3 26. gxf6 Bxf6 27. Qxe4 Nxb1
28. Qxb1 Qb6 29. Kh1 Rxc3 30. Rxc3 Bxd4 31. Nxd4 Qxd4 32. Rfc1 g6 33. Rd3 Qa7
34. Rcd1 Bc6 35. Qb2 Bd5 36. Qc3 Qb7 37. Rb1 Rc8 38. Qd2 Bxf3+ 39. Kg1 Qb6+ 40.
Qe3 Qxe3+ 41. Rxe3 Bd5 42. Rb2 Kf8 43. Ra3 Rc7 44. b5 Ke7 45. b6 Rb7 46. Ra7
Kd6 47. Rxb7 Bxb7 48. Rc2 Bc6 49. Rb2 Bb7 50. Rc2 1/2-1/2

[Event "Championnat de France - Open B"]
[Site "Belfort - SNPHHUATVS"]
[Date "2010.08.15"]
[Round "6.5"]
[White "Guilbert, Jean-Louis"]
[Black "Masset, Jacques"]
[Result "1/2-1/2"]
[WhiteElo "1957"]
[BlackElo "1919"]
[PlyCount "132"]

1. d4 Nf6 2. c4 g6 3. Nc3 Bg7 4. e4 d6 5. f4 O-O 6. Nf3 c5 7. d5 e6 8. dxe6
Bxe6 9. Bd3 Nc6 10. Ng5 Bg4 11. Be2 Bxe2 12. Qxe2 Nd4 13. Qd3 Re8 14. O-O h6
15. Nf3 Ng4 16. h3 Nxf3+ 17. Qxf3 Bd4+ 18. Kh1 Nf6 19. Re1 Qe7 20. e5 dxe5 21.
fxe5 Bxe5 22. Bf4 Nd7 23. Nd5 Qh4 24. Bxe5 Rxe5 25. Rxe5 Nxe5 26. Nf6+ Kg7 27.
Qxb7 Rd8 28. Ne4 Nd3 29. Rf1 Rf8 30. Qd5 f5 31. Qxd3 Qxe4 32. Qc3+ Qd4 33.
Qxd4+ cxd4 34. Re1 Kf6 35. Kg1 Rb8 36. b3 a5 37. Kf2 a4 38. Rb1 Ke5 39. b4 Ke4
40. Ke2 d3+ 41. Kd2 Kd4 42. c5 g5 43. c6 Re8 44. Re1 Rc8 45. b5 Kc4 46. Rb1 Kc5
47. Kxd3 Rd8+ 48. Kc3 Re8 49. c7 Kb6 50. Rb4 Kxc7 51. Rxa4 Kb6 52. Ra6+ Kxb5
53. Rxh6 Re2 54. Rf6 Rxg2 55. Rxf5+ Ka4 56. Kc4 Rh2 57. Rf3 Rxa2 58. Rf7 Rc2+
59. Kd4 Rh2 60. Rf3 Kb5 61. Kd5 Rg2 62. Ke5 Kc5 63. Rd3 Kc4 64. Rd8 Rg3 65. Rh8
Kd3 66. Ra8 Ke2 1/2-1/2

[Event "Championnat de France - Open B"]
[Site "Belfort - SNPHHUATVS"]
[Date "2010.08.15"]
[Round "6.6"]
[White "Cornier, Jeremy"]
[Black "Lorieux, Christian"]
[Result "0-1"]
[WhiteElo "1918"]
[BlackElo "1954"]
[PlyCount "64"]

1. d4 f5 2. Nf3 Nf6 3. e3 g6 4. b3 Bg7 5. Bb2 d6 6. Nbd2 c6 7. c4 O-O 8. Qc2
Na6 9. a3 Qe8 10. Be2 Bd7 11. O-O h6 12. Rfd1 g5 13. Bd3 Nh5 14. Re1 e5 15.
dxe5 dxe5 16. Be2 Rd8 17. c5 g4 18. Nh4 Be6 19. Nc4 Nxc5 20. Nxe5 Nxb3 21. Rad1
Rxd1 22. Rxd1 Na5 23. Nhg6 Bb3 24. Qc5 Bxd1 25. Bxd1 b6 26. Qd6 Rf6 27. Qc7
Rxg6 28. Nxg6 Qxg6 29. Qc8+ Bf8 30. Bc2 Ng7 31. Bc3 Qe6 32. Qb8 Qd6 0-1